| 000 | 01097cam a22003377a 4500 | ||
|---|---|---|---|
| 003 | CHAP | ||
| 005 | 20220817043706.0 | ||
| 008 | 000803d2000 mx a r 00110 esp d | ||
| 010 | _a81923 | ||
| 011 | _a82895 | ||
| 020 | _a9709000144 | ||
| 035 | _a93400 | ||
| 040 | _cCHAP | ||
| 082 | 0 | 4 |
_a595.42 _bH65 |
| 100 | 0 | 0 |
_aHoffmann, Anita. _955797 |
| 245 | 1 | 0 |
_aBiodiversidad de los ácaros en México _c/por Anita Hoffmann y Guadalupe López Campos |
| 260 |
_aMéxico, D. F. : _bFideicomiso Fondo para la Biodiversidad, _c2000. |
||
| 300 |
_a230 p. : _bgráfs. |
||
| 590 |
_aBATCH-UPD _b10 _c20130109 _lUCH01 _h2308 |
||
| 590 |
_aBATCH-UPD _b10 _c20130110 _lUCH01 _h0554 |
||
| 590 |
_aBATCH-UPD _b10 _c20130410 _lUCH01 _h0236 |
||
| 590 |
_aBATCH-UPD _b10 _c20130914 _lUCH01 _h1618 |
||
| 590 |
_aCONVERSION _b10 _c20130109 _lUCH01 _h1345 |
||
| 650 | 1 | 4 | _aÁcaros. |
| 650 | 1 | 4 |
_aÁcaros _xIdentificación. _982380 |
| 700 | 0 |
_aLópez Campos, Guadalupe. _967740 |
|
| 901 | _aBK | ||
| 905 | _aLilia Sánchez G. | ||
| 942 | _cLIBRO | ||
| 949 |
_a595.42 H65 _bBC _cLIBRO _d33724000785317 _eLIBRO _h98459 _i93400 _si |
||
| 999 |
_c81923 _d81923 |
||